000 00282nam a22001217a 4500
008 181207b xxu||||| |||| 00| 0 eng d
041 _aeng
080 _a618
100 _a10
101 _aGJIN
245 _aClassics in Obstetrics and Gynecology
_cEskes,T.K.A.B
942 _2udc
_cBK
999 _c53009
_d53009